Guess the country Part 1 - Statistics

General Stats
  • This quiz has been taken 13 times
  • The average score is 8 of 10
Answer Stats
Picture Answer % Correct
Austria
100%
Iceland
100%
Italy
100%
Laos
100%
New Zealand
100%
Sweden
100%
Haiti
89%
Kuwait
67%
Belize
56%
Bahrain
33%
No matching quizzes found
Score Distribution
Percent of People with Each Score
Percentile by Number Answered
Your Score History
You have not taken this quiz